Система автоматизированного контроля поверхностного подогревателя низкого давления; Электроэнергетика глазами молодежи; Т. 2
| Parent link: | Электроэнергетика глазами молодежи: сборник докладов V международной молодежной научно-технической конференции, г. Томск, 10-14 ноября 2014 г./ Национальный исследовательский Томский политехнический университет (ТПУ) ; ред. кол. Р. А. Вайнштейн и [др.].— , 2014 Т. 2.— 2014.— [С. 381-383] |
|---|---|
| Egile nagusia: | |
| Erakunde egilea: | |
| Beste egile batzuk: | |
| Gaia: | Заглавие с титульного экрана |
| Hizkuntza: | errusiera |
| Argitaratua: |
2014
|
| Saila: | Тепловые и атомные электростанции |
| Gaiak: | |
| Sarrera elektronikoa: | http://earchive.tpu.ru/handle/11683/69890 http://www.lib.tpu.ru/fulltext/c/2014/C86/V2/059.pdf |
| Formatua: | Baliabide elektronikoa Liburu kapitulua |
| KOHA link: | https://koha.lib.tpu.ru/cgi-bin/koha/opac-detail.pl?biblionumber=609740 |
MARC
| LEADER | 00000naa2a2200000 4500 | ||
|---|---|---|---|
| 001 | 609740 | ||
| 005 | 20260325155541.0 | ||
| 035 | |a (RuTPU)RU\TPU\conf\7268 | ||
| 090 | |a 609740 | ||
| 100 | |a 20141203d2014 k y0rusy50 ca | ||
| 101 | 0 | |a rus | |
| 102 | |a RU | ||
| 135 | |a drgn ---uucaa | ||
| 181 | 0 | |a i | |
| 182 | 0 | |a b | |
| 200 | 1 | |a Система автоматизированного контроля поверхностного подогревателя низкого давления |f Р. У. Гимазов |g науч. рук. Ю. К. Атрошенко | |
| 203 | |a Текст |c электронный | ||
| 225 | 1 | |a Тепловые и атомные электростанции | |
| 300 | |a Заглавие с титульного экрана | ||
| 320 | |a [Библиогр.: 383 (3 назв.)] | ||
| 337 | |a Adobe Reader | ||
| 461 | 1 | |0 (RuTPU)RU\TPU\conf\7165 |t Электроэнергетика глазами молодежи |o сборник докладов V международной молодежной научно-технической конференции, г. Томск, 10-14 ноября 2014 г. |o в 2 т. |f Национальный исследовательский Томский политехнический университет (ТПУ) ; ред. кол. Р. А. Вайнштейн и [др.] |d 2014 | |
| 463 | 0 | |0 (RuTPU)RU\TPU\conf\7172 |t Т. 2 |v [С. 381-383] |d 2014 | |
| 610 | 1 | |a труды учёных ТПУ | |
| 610 | 1 | |a электронный ресурс | |
| 610 | 1 | |a автоматизированный контроль | |
| 610 | 1 | |a поверхностные подогреватели | |
| 610 | 1 | |a подогреватели низкого давления | |
| 610 | 1 | |a тепловые электростанции | |
| 610 | 1 | |a питательная вода | |
| 700 | 1 | |a Гимазов |b Р. У. | |
| 702 | 1 | |a Атрошенко |b Ю. К. |c специалист в области теплоэнергетики |c ассистент кафедры Томского политехнического университета |f 1989- |g Юлиана Константиновна |4 727 | |
| 712 | 0 | 2 | |a Национальный исследовательский Томский политехнический университет (ТПУ) |b Энергетический институт (ЭНИН) |b Кафедра автоматизации теплоэнергетических процессов (АТП) |3 (RuTPU)RU\TPU\col\18678 |
| 801 | 2 | |a RU |b 63413507 |c 20141124 |g RCR | |
| 801 | 2 | |a RU |b 63413507 |c 20220228 |g RCR | |
| 856 | 4 | |u http://earchive.tpu.ru/handle/11683/69890 | |
| 856 | 4 | |u http://www.lib.tpu.ru/fulltext/c/2014/C86/V2/059.pdf | |
| 942 | |c BK | ||